| 000 | 00635nam a2200193 i 4500 | ||
|---|---|---|---|
| 001 | 128486 | ||
| 003 | ES-MaACL | ||
| 007 | t| | ||
| 008 | 070514s1973 mx ||||1| spa d | ||
| 080 | _a804(02) | ||
| 100 | 1 |
_aTagliavini, Carlo. _9109070 |
|
| 245 | 1 | 0 |
_aOrígenes de las lenguas neolatinas _b: introducción a la filología romance / _cpor Carlo Tagliavini ; [Traducción de Juan Almela]. |
| 250 | _a[1ª ed.]. | ||
| 260 |
_aMéxico : _bFondo de Cultura Económica, _c[1973] |
||
| 300 |
_a897 p. ; _c22 cm. |
||
| 650 | 1 | 4 |
_aFilología románica. _912800 |
| 700 | 1 |
_aAlmela, Juan. _920128 |
|
| 852 |
_aES-MaACL _jE-7316 _bR.91609 |
||
| 999 |
_c128486 _d128486 |
||